000 00588nam a2200229Ia 4500
003 OSt
005 20221005130211.0
006 a|||||r|||| 00| 0
007 ta
008 221004b |||||||| |||| 00| 0 tam d
024 _a52510
037 _cTextual
040 _aCRL
_cCRL
_btam
041 _2tam
_atam
082 _aY15:4:5wM58, 31K9
100 _aAppasami Au.
_9637746
245 0 _aRamabai saraswati vazh kkai varalaru
260 _c1969
650 _aSOCIOLOGY
942 _hY15:4:5wM58, 31K9
_cTEXL
_2cc
999 _c1056404
_d1056404